Catálogo

Classification of knowledge in islam : (Registro nro. 62364)

Detalles MARC
000 -LEADER
fixed length control field 00642nam a2200193 a 4500
001 - CONTROL NUMBER
control field 62364
005 - DATE AND TIME OF LATEST TRANSACTION
control field 20180714064349.0
008 - FIXED-LENGTH DATA ELEMENTS--GENERAL INFORMATION
fixed length control field 150407s1998 enk r 000 0 spa d
020 ## - INTERNATIONAL STANDARD BOOK NUMBER
International Standard Book Number 0-946621-71-3
082 0# - DEWEY DECIMAL CLASSIFICATION NUMBER
Classification number 297
Item number BAK
100 1# - MAIN ENTRY--PERSONAL NAME
Personal name Bakar, Osman
Relator term autor
245 10 - TITLE STATEMENT
Title Classification of knowledge in islam :
Remainder of title a study in islamic philosophies of science /
Statement of responsibility, etc. Osman Bakar.
264 #1 - PRODUCTION, PUBLICATION, DISTRIBUTION, MANUFACTURE, AND COPYRIGHT NOTICE
Place of production, publication, distribution, manufacture United Kingdom :
Name of producer, publisher, distributor, manufacturer Islamic Textos Society;
Date of production, publication, distribution, manufacture, or copyright notice 1998
300 ## - PHYSICAL DESCRIPTION
Extent xvii, 312 páginas ;
Dimensions 22 cm.
336 ## - CONTENT TYPE
Content type term texto
Source rdacontent
337 ## - MEDIA TYPE
Media type term sin mediación
Source rdamedia
338 ## - CARRIER TYPE
Carrier type term volumen
Source rdacarrier
650 #0 - SUBJECT ADDED ENTRY--TOPICAL TERM
Topical term or geographic name entry element Islamismo
General subdivision Conocimiento
Existencias
Withdrawn status Lost status Source of classification or shelving scheme Damaged status Not for loan Collection code Home library Current library Shelving location Date acquired Source of acquisition Inventory number Total Checkouts Full call number Barcode Date last seen Price effective from Koha item type
    Dewey Decimal Classification     General Centro de Estudios en Ciencia y Religión Centro de Estudios en Ciencia y Religión Sala general 07/04/2015 Compra 151000000000000000077808   297 BAK 1998 86382 05/01/2026 20/11/2015 Libro